[Event "II Festival Costa Viola A"]
[Site "Bagnara Calabra ITA"]
[Date "2009.01.02"]
[Round "1"]
[White "Blasco, Domenico"]
[Black "Rusev, Krasimir"]
[Result "0-1"]
[WhiteElo "2011"]
[BlackElo "2546"]
[PlyCount "54"]
[EventDate "2009.01.02"]

1. d4 Nf6 2. Nf3 e6 3. e3 c5 4. Bd3 b6 5. Nbd2 Bb7 6. O-O Nc6 7. c3 d5 8. a3
Be7 9. Qe2 O-O 10. Ne5 Nxe5 11. dxe5 Nd7 12. f4 f5 13. exf6 Nxf6 14. Nf3 c4 15.
Bc2 Bd6 16. Ng5 Qe7 17. Bd2 e5 18. fxe5 Qxe5 19. Nf3 Qh5 20. g3 Bc8 21. e4 Bg4
22. exd5 Rae8 23. Qf2 Nxd5 24. Bf4 Bxf4 25. gxf4 Nxf4 26. Kh1 Re2 27. Nd4 Qd5+
0-1

[Event "II Festival Costa Viola A"]
[Site "Bagnara Calabra ITA"]
[Date "2009.01.02"]
[Round "1"]
[White "Georgiev, Vladimir"]
[Black "Piccoli, Vincenzo"]
[Result "1-0"]
[WhiteElo "2523"]
[BlackElo "2009"]
[PlyCount "47"]
[EventDate "2009.01.02"]

1. d4 Nf6 2. c4 e6 3. Nf3 b6 4. a3 Ba6 5. Qb3 Be7 6. Nc3 d5 7. cxd5 exd5 8. Bg5
Bc4 9. Qa4+ Qd7 10. Qc2 Nc6 11. e3 Bxf1 12. Kxf1 O-O 13. Rc1 Na5 14. b4 Nb7 15.
Ne5 Qe6 16. Nb5 Bd6 17. Bxf6 gxf6 18. Nd3 Qf5 19. Ke2 Rfe8 20. g3 Bf8 21. Nf4
Qg5 22. h4 Qg4+ 23. f3 Qd7 24. Qc6 1-0

[Event "II Festival Costa Viola A"]
[Site "Bagnara Calabra ITA"]
[Date "2009.01.02"]
[Round "1"]
[White "Napoli, Nicolo'"]
[Black "Valotta, Massimiliano"]
[Result "1-0"]
[WhiteElo "2313"]
[BlackElo "1889"]
[PlyCount "45"]
[EventDate "2009.01.02"]

1. e4 c5 2. Nf3 Nc6 3. Bb5 d6 4. c3 e6 5. O-O Nge7 6. d4 cxd4 7. cxd4 d5 8.
exd5 Nxd5 9. Nc3 a6 10. Bxc6+ bxc6 11. Ne5 Qc7 12. Nxd5 cxd5 13. Bf4 Qb6 14.
Qf3 Qb7 15. Rac1 Bb4 16. Qg3 f6 17. Nd3 Ba5 18. Bc7 Bd2 19. Qxg7 Rf8 20. Rc2
Rf7 21. Qg8+ Rf8 22. Qxh7 Bd7 23. Bd6 1-0

[Event "II Festival Costa Viola A"]
[Site "Bagnara Calabra ITA"]
[Date "2009.01.02"]
[Round "1"]
[White "Rametta, Marcello"]
[Black "Cordi', Domenico"]
[Result "0-1"]
[WhiteElo "1717"]
[BlackElo "2052"]
[PlyCount "62"]
[EventDate "2009.01.02"]

1. e4 c5 2. c3 d5 3. exd5 Qxd5 4. h3 Nc6 5. Nf3 Nf6 6. Be2 e6 7. d3 Be7 8. O-O
O-O 9. Be3 b6 10. Nbd2 Bb7 11. Qc2 Rac8 12. b3 Nd4 13. Bxd4 cxd4 14. c4 Qc6 15.
Nh4 Nd5 16. Nhf3 Nf4 17. Bd1 e5 18. Re1 Qg6 19. g3 Nxh3+ 20. Kf1 Bd6 21. Ne4
Bb8 22. Nh4 Qe6 23. Bf3 Bxe4 24. Bxe4 f5 25. Bd5 Qxd5 26. Qd2 Qh1+ 27. Ke2 Qh2
28. Rf1 e4 29. dxe4 fxe4 30. Qxd4 Bxg3 31. Qd5+ Kh8 0-1

[Event "II Festival Costa Viola A"]
[Site "Bagnara Calabra ITA"]
[Date "2009.01.02"]
[Round "1"]
[White "Rotunno, Giuseppe"]
[Black "Naumkin, Igor"]
[Result "0-1"]
[WhiteElo "1949"]
[BlackElo "2501"]
[PlyCount "48"]
[EventDate "2009.01.02"]

1. d4 Nf6 2. c4 e6 3. Bg5 Bb4+ 4. Nc3 h6 5. Bxf6 Bxc3+ 6. bxc3 Qxf6 7. e3 O-O
8. Nf3 b6 9. Bd3 Bb7 10. O-O c5 11. Nd2 Nc6 12. Qh5 d6 13. f4 cxd4 14. exd4
Nxd4 15. Ne4 Bxe4 16. Bxe4 Rac8 17. f5 Nxf5 18. g4 Qxc3 19. Rae1 g6 20. Kh1
gxh5 21. gxf5 Kh8 22. Re2 Qxc4 23. Rfe1 Rg8 24. f6 Qxe2 0-1

[Event "II Festival Costa Viola A"]
[Site "Bagnara Calabra ITA"]
[Date "2009.01.02"]
[Round "1"]
[White "Serratore, Vincenzo"]
[Black "Collutiis, Duilio"]
[Result "0-1"]
[WhiteElo "1902"]
[BlackElo "2443"]
[PlyCount "96"]
[EventDate "2009.01.02"]

1. d4 Nf6 2. Nf3 c5 3. e3 g6 4. Bd3 Bg7 5. O-O O-O 6. c3 d6 7. Nbd2 Nbd7 8. e4
Qc7 9. Qe2 e5 10. d5 Nh5 11. g3 Ndf6 12. Nh4 Bh3 13. Ng2 a6 14. Nf3 Rae8 15.
Ng5 Bc8 16. Ne3 h6 17. Nf3 Bh3 18. Ng2 Qd8 19. Kh1 Kh8 20. Ng1 Bc8 21. f3 Ng8
22. Be3 f5 23. Nh4 Qf6 24. Ng2 Qf7 25. Bf2 Nhf6 26. Ne3 f4 27. Nc4 Qc7 28. g4
g5 29. h4 gxh4 30. Bxh4 Ne7 31. Qh2 Ng6 32. Kg2 Nxh4+ 33. Qxh4 Rg8 34. Ne2 b5
35. Nd2 c4 36. Bc2 Qf7 37. Rh1 Bf8 38. Kf2 Bxg4 39. fxg4 Nxg4+ 40. Kf3 Qa7 41.
Nf1 Be7 42. Qxg4 Rxg4 43. Kxg4 Qf2 44. Rh2 Rg8+ 45. Kf5 Qf3 46. Rxh6+ Kg7 47.
Rg6+ Kf7 48. Rxg8 Qh5+ 0-1

[Event "II Festival Costa Viola A"]
[Site "Bagnara Calabra ITA"]
[Date "2009.01.03"]
[Round "2"]
[White "Collutiis, Duilio"]
[Black "Georgiev, Vladimir"]
[Result "1/2-1/2"]
[WhiteElo "2443"]
[BlackElo "2523"]
[PlyCount "82"]
[EventDate "2009.01.02"]

1. e4 e5 2. Nf3 Nc6 3. Bb5 a6 4. Bxc6 dxc6 5. O-O Qf6 6. d4 exd4 7. e5 Qd8 8.
Nxd4 c5 9. Ne2 Bf5 10. c4 Qd3 11. b3 O-O-O 12. Nbc3 Ne7 13. Be3 Nc6 14. Qc1 Qc2
15. Qxc2 Bxc2 16. f4 f6 17. exf6 gxf6 18. Nd5 f5 19. Rac1 Bd3 20. Kf2 Nb4 21.
Nxb4 cxb4 22. Rfd1 Bg7 23. Rd2 Rd7 24. Rcd1 Rhd8 25. Nd4 Bxd4 26. Rxd3 Bxe3+
27. Kxe3 Rxd3+ 28. Rxd3 Rxd3+ 29. Kxd3 c5 30. Kc2 b5 31. h3 h5 32. h4 Kc7 33.
Kb2 Kb6 34. Kc2 Ka5 35. Kc1 Kb6 36. Kc2 a5 37. Kd3 Kc6 38. Ke3 a4 39. cxb5+
Kxb5 40. bxa4+ Kxa4 41. g4 c4 1/2-1/2

[Event "II Festival Costa Viola A"]
[Site "Bagnara Calabra ITA"]
[Date "2009.01.03"]
[Round "2"]
[White "Cordi', Domenico"]
[Black "Blasco, Domenico"]
[Result "1-0"]
[WhiteElo "2052"]
[BlackElo "2011"]
[PlyCount "75"]
[EventDate "2009.01.02"]

1. d4 Nf6 2. c4 c5 3. d5 b5 4. cxb5 a6 5. b6 Qxb6 6. Nc3 g6 7. e4 d6 8. Be2 Bg7
9. Nf3 Nbd7 10. O-O O-O 11. Kh1 Ne8 12. Nd2 Qd8 13. f4 Nb6 14. Nf3 Nc7 15. a4
a5 16. Bb5 Nxb5 17. Nxb5 Ba6 18. Re1 Qd7 19. Nc3 Rfd8 20. Qc2 e6 21. dxe6 fxe6
22. Be3 Qc6 23. f5 exf5 24. exf5 d5 25. Bg5 Re8 26. fxg6 hxg6 27. Be7 d4 28.
Nb5 Nd5 29. Nfxd4 Bxd4 30. Nxd4 Nb4 31. Qb3+ c4 32. Qg3 Qb6 33. Ne6 Rxe7 34.
Qxg6+ Kh8 35. Qf6+ Kg8 36. Qxe7 Qb7 37. Qg5+ Kh8 38. Re4 1-0

[Event "II Festival Costa Viola A"]
[Site "Bagnara Calabra ITA"]
[Date "2009.01.03"]
[Round "2"]
[White "Marincolo, Piercarlo"]
[Black "Rametta, Marcello"]
[Result "1-0"]
[WhiteElo "1932"]
[BlackElo "1717"]
[PlyCount "73"]
[EventDate "2009.01.02"]

1. d4 d5 2. Nc3 c6 3. e4 dxe4 4. Nxe4 Bf5 5. Ng3 Bd7 6. Bd3 g6 7. Nf3 Bg7 8. c3
Nf6 9. Ne5 O-O 10. h4 Be6 11. Bg5 Nbd7 12. Nxd7 Qxd7 13. Qd2 Rad8 14. O-O-O
Bxa2 15. h5 Bb3 16. Rde1 c5 17. hxg6 fxg6 18. Bh6 Rf7 19. Ne4 b6 20. Bxg7 Nxe4
21. Rxe4 Rxg7 22. Qe2 cxd4 23. Rxd4 Qc7 24. Bc4+ Bxc4 25. Rxc4 Qb7 26. f3 b5
27. Rc5 Qa6 28. Kb1 Rb8 29. Rd1 Qb6 30. Qe3 Qf6 31. Rc7 a6 32. Qa7 Re8 33. Qb7
Rf7 34. Ka1 Qf4 35. Rd4 Qe5 36. Qc6 Rf6 37. Qxe8+ 1-0

[Event "II Festival Costa Viola A"]
[Site "Bagnara Calabra ITA"]
[Date "2009.01.03"]
[Round "2"]
[White "Naumkin, Igor"]
[Black "Napoli, Nicolo'"]
[Result "1-0"]
[WhiteElo "2501"]
[BlackElo "2313"]
[PlyCount "73"]
[EventDate "2009.01.02"]

1. d4 Nf6 2. c4 e6 3. Nf3 b6 4. g3 Ba6 5. b3 Bb4+ 6. Bd2 Be7 7. Bg2 c6 8. Bc3
d5 9. Nbd2 O-O 10. O-O Nbd7 11. Re1 Rc8 12. e4 dxe4 13. Nxe4 b5 14. c5 Nxe4 15.
Rxe4 Nf6 16. Re1 Nd5 17. Qd2 Bf6 18. Ba5 Qe7 19. h4 Qb7 20. a3 Bd8 21. Bxd8
Rfxd8 22. b4 Rc7 23. Rad1 Qa8 24. h5 h6 25. g4 Bc8 26. g5 hxg5 27. Qxg5 f6 28.
Qg3 Re7 29. Nh4 a5 30. Nf5 Ra7 31. Nd6 axb4 32. Bxd5 exd5 33. axb4 g5 34. hxg6
Ra3 35. Qh4 Rh3 36. Qxf6 Rf8 37. Re8 1-0

[Event "II Festival Costa Viola A"]
[Site "Bagnara Calabra ITA"]
[Date "2009.01.03"]
[Round "2"]
[White "Piccoli, Vincenzo"]
[Black "Serratore, Vincenzo"]
[Result "1-0"]
[WhiteElo "2009"]
[BlackElo "1902"]
[PlyCount "77"]
[EventDate "2009.01.02"]

1. e4 e5 2. Nf3 Nc6 3. Bc4 Bc5 4. c3 Qe7 5. d3 Nf6 6. h3 d6 7. Nbd2 a6 8. Bb3
Ba7 9. Nf1 Na5 10. Bc2 Be6 11. Be3 c5 12. Bg5 h6 13. Bxf6 Qxf6 14. Ne3 O-O 15.
O-O Nc6 16. Nh2 Qg6 17. Kh1 f6 18. Nf3 Qh5 19. Bb3 Bxb3 20. Qxb3+ Qf7 21. Nd5
b5 22. Nh4 Kh7 23. Qd1 Rac8 24. Nf5 Rfd8 25. Qg4 Rb8 26. Qh4 c4 27. f4 Rb7 28.
fxe5 Qg6 29. exf6 Qg5 30. Qxg5 hxg5 31. d4 gxf6 32. Nxf6+ Kg6 33. Rf2 Rf7 34.
Raf1 Rdf8 35. Nd5 b4 36. Rf3 g4 37. Rg3 Kh5 38. Rxg4 b3 39. Nf4# 1-0

[Event "II Festival Costa Viola A"]
[Site "Bagnara Calabra ITA"]
[Date "2009.01.03"]
[Round "2"]
[White "Rusev, Krasimir"]
[Black "Marholev, Dimitar"]
[Result "1-0"]
[WhiteElo "2546"]
[BlackElo "2449"]
[PlyCount "45"]
[EventDate "2009.01.02"]

1. c4 c5 2. Nf3 Nf6 3. Nc3 d5 4. cxd5 Nxd5 5. d4 cxd4 6. Qxd4 Nxc3 7. Qxc3 Nc6
8. a3 Bf5 9. Bf4 e6 10. Rd1 Qb6 11. e3 Rc8 12. Nd4 Bg6 13. Bb5 a6 14. Ba4 Qc5
15. Qd2 Qd5 16. O-O Be7 17. e4 Bxe4 18. Qe1 b5 19. Bb3 Qxd4 20. Rxd4 Nxd4 21.
Qxe4 Nxb3 22. Qb7 Rd8 23. Qxa6 1-0

[Event "II Festival Costa Viola A"]
[Site "Bagnara Calabra ITA"]
[Date "2009.01.03"]
[Round "2"]
[White "Valotta, Massimiliano"]
[Black "Rotunno, Giuseppe"]
[Result "0-1"]
[WhiteElo "1889"]
[BlackElo "1949"]
[PlyCount "90"]
[EventDate "2009.01.02"]

1. Nf3 d6 2. d4 g6 3. e4 Bg7 4. c4 Nf6 5. Bd3 Na6 6. Nc3 O-O 7. O-O c5 8. d5
Bg4 9. h3 Bxf3 10. Qxf3 Nd7 11. Qe2 e6 12. Nb5 Ne5 13. Bb1 exd5 14. cxd5 c4 15.
Na3 Rc8 16. Nb5 Qb6 17. a4 Nc5 18. Be3 Ned3 19. b4 Bxa1 20. bxc5 Nxc5 21. Qxc4
a6 22. Nd4 Qa5 23. Qa2 Qxa4 24. Qd2 Nb3 25. Qd1 Bxd4 26. Bxd4 Qxd4 27. Qxb3 b5
28. Qg3 Qf6 29. Qa3 Ra8 30. f4 Rfc8 31. Ba2 Qd4+ 32. Kh1 b4 33. Qf3 Rc3 34. Qg4
b3 35. f5 bxa2 36. fxg6 hxg6 37. Qd7 Rf8 38. Qxd6 Rd3 39. e5 Rd1 40. Rxd1 Qxd1+
41. Kh2 a1=Q 42. e6 Qg1+ 43. Kg3 Qe3+ 44. Kh4 Qf2+ 45. Kg5 Qf5+ 0-1

[Event "II Festival Costa Viola A"]
[Site "Bagnara Calabra ITA"]
[Date "2009.01.04"]
[Round "3"]
[White "Blasco, Domenico"]
[Black "Valotta, Massimiliano"]
[Result "1-0"]
[WhiteElo "2011"]
[BlackElo "1889"]
[PlyCount "107"]
[EventDate "2009.01.02"]

1. d4 e6 2. Nf3 d5 3. e3 Nf6 4. Bd3 c5 5. c3 Nc6 6. Nbd2 c4 7. Bc2 Qc7 8. O-O
Be7 9. e4 dxe4 10. Nxe4 O-O 11. Qe2 Nxe4 12. Bxe4 Nd8 13. Ne5 Bd6 14. f4 f5 15.
Bf3 Bxe5 16. dxe5 Rb8 17. Be3 b5 18. Qf2 Nc6 19. Bc5 Rd8 20. Bd6 Rxd6 21. exd6
Qxd6 22. Rad1 Qc7 23. Qc5 Rb6 24. Rd6 Bb7 25. Rfd1 h6 26. g3 Kh7 27. Rxe6 Qf7
28. Red6 Na5 29. Rd7 Qe6 30. Bxb7 Nxb7 31. Qe7 Qxe7 32. Rxe7 Nc5 33. Rxa7 Nd3
34. Rd2 Re6 35. Rb7 Nc1 36. Rdd7 Rg6 37. Rxb5 Nxa2 38. Rxf5 Nc1 39. Rc5 Nd3 40.
Rxd3 cxd3 41. Rd5 Rb6 42. b4 Kg6 43. Rxd3 Kf5 44. Kf2 Rc6 45. Kf3 h5 46. h3 Kf6
47. Ke4 Re6+ 48. Kd5 Kf5 49. c4 Re4 50. b5 Re1 51. Rb3 Rd1+ 52. Kc6 Ke6 53.
Re3+ Kf7 54. b6 1-0

[Event "II Festival Costa Viola A"]
[Site "Bagnara Calabra ITA"]
[Date "2009.01.04"]
[Round "3"]
[White "Cordi', Domenico"]
[Black "Rusev, Krasimir"]
[Result "0-1"]
[WhiteElo "2052"]
[BlackElo "2546"]
[PlyCount "88"]
[EventDate "2009.01.02"]

1. d4 d5 2. Nf3 Nf6 3. c4 c6 4. e3 a6 5. Nc3 e6 6. Qc2 c5 7. b3 Nc6 8. Bb2 dxc4
9. bxc4 cxd4 10. exd4 Nxd4 11. Nxd4 Qxd4 12. Be2 Qc5 13. O-O Bd7 14. a4 Bc6 15.
Bd3 Be7 16. Ne4 Nxe4 17. Bxe4 Bxe4 18. Qxe4 O-O 19. Rfb1 Qc6 20. Qxc6 bxc6 21.
Ba3 Bxa3 22. Rxa3 Rab8 23. Rab3 Rxb3 24. Rxb3 Rd8 25. Kf1 Kf8 26. Rb6 c5 27.
Rc6 Rd1+ 28. Ke2 Ra1 29. Rxa6 Ra2+ 30. Ke3 Rc2 31. Ra8+ Ke7 32. Ra7+ Kf6 33. a5
Rxc4 34. a6 Ra4 35. Ra8 Ra3+ 36. Ke2 Ra2+ 37. Ke3 Ra3+ 38. Ke2 g5 39. a7 h5 40.
h3 Kf5 41. Kd2 c4 42. Rc8 Rxa7 43. Rxc4 h4 44. Ke2 Ra2+ 0-1

[Event "II Festival Costa Viola A"]
[Site "Bagnara Calabra ITA"]
[Date "2009.01.04"]
[Round "3"]
[White "Marholev, Dimitar"]
[Black "Collutiis, Duilio"]
[Result "1-0"]
[WhiteElo "2449"]
[BlackElo "2443"]
[PlyCount "73"]
[EventDate "2009.01.02"]

1. e4 c5 2. Nc3 Nc6 3. Bb5 Nd4 4. Bc4 e6 5. Nge2 Nf6 6. O-O a6 7. Nxd4 cxd4 8.
Ne2 Nxe4 9. d3 Nd6 10. Nxd4 Qf6 11. Be3 Nxc4 12. dxc4 d6 13. f4 Be7 14. Qd3 O-O
15. Rae1 Bd7 16. f5 exf5 17. Nxf5 Bxf5 18. Rxf5 Qg6 19. Bd4 Rae8 20. Ref1 Qe6
21. Bc3 Bd8 22. Kh1 f6 23. Re1 Qf7 24. Rd1 Re6 25. Rd5 Rfe8 26. c5 Re3 27. Qf5
g6 28. Qf1 Qe6 29. Rxd6 Qc8 30. Qc4+ Kg7 31. h3 Be7 32. Rd7 Rd8 33. Bxf6+ Kxf6
34. Rxd8 Rxh3+ 35. gxh3 Qxh3+ 36. Kg1 Qg3+ 37. Kf1 1-0

[Event "II Festival Costa Viola A"]
[Site "Bagnara Calabra ITA"]
[Date "2009.01.04"]
[Round "3"]
[White "Napoli, Nicolo'"]
[Black "Marincolo, Piercarlo"]
[Result "1-0"]
[WhiteElo "2313"]
[BlackElo "1932"]
[PlyCount "31"]
[EventDate "2009.01.02"]

1. e4 c5 2. c3 d5 3. exd5 Qxd5 4. d4 cxd4 5. cxd4 Nc6 6. Nf3 Bf5 7. Nc3 Qd6 8.
d5 Ne5 9. Bb5+ Nd7 10. Qa4 Ngf6 11. O-O g6 12. Bf4 Qb6 13. Nd4 Rc8 14. Nxf5
gxf5 15. Be5 Kd8 16. d6 1-0

[Event "II Festival Costa Viola A"]
[Site "Bagnara Calabra ITA"]
[Date "2009.01.04"]
[Round "3"]
[White "Rotunno, Giuseppe"]
[Black "Piccoli, Vincenzo"]
[Result "1/2-1/2"]
[WhiteElo "1949"]
[BlackElo "2009"]
[PlyCount "66"]
[EventDate "2009.01.02"]

1. d4 Nf6 2. c4 e6 3. Bg5 h6 4. Bxf6 Qxf6 5. e3 Bb4+ 6. Nc3 b6 7. Nf3 c5 8. Bd3
cxd4 9. exd4 O-O 10. O-O Bxc3 11. bxc3 Bb7 12. Nd2 Nc6 13. Ne4 Qf4 14. g3 Qc7
15. c5 f5 16. cxb6 axb6 17. Nd2 Ra3 18. Nb3 Ne7 19. c4 f4 20. Qe2 Nf5 21. Qe5
Qc8 22. Rfe1 Qa8 23. d5 fxg3 24. hxg3 Kh8 25. dxe6 dxe6 26. Be4 Bxe4 27. Qxe4
Rxa2 28. Qxa8 Rfxa8 29. Rxa2 Rxa2 30. Rxe6 Rb2 31. Rxb6 Nd4 32. c5 Nxb3 33. c6
Rc2 1/2-1/2

[Event "II Festival Costa Viola A"]
[Site "Bagnara Calabra ITA"]
[Date "2009.01.04"]
[Round "3"]
[White "Serratore, Vincenzo"]
[Black "Rametta, Marcello"]
[Result "0-1"]
[WhiteElo "1902"]
[BlackElo "1717"]
[PlyCount "100"]
[EventDate "2009.01.02"]

1. d4 d5 2. Nf3 g6 3. e3 Bg7 4. Bd3 e6 5. O-O Ne7 6. b3 b6 7. Bb2 Nd7 8. Qe2
Bb7 9. Nbd2 O-O 10. Ne1 c5 11. c3 cxd4 12. cxd4 Nc5 13. Bc2 Ba6 14. Nd3 Ne4 15.
f3 Rc8 16. Rfc1 Nc3 17. Qe1 Nf5 18. Nb4 Ne2+ 19. Kh1 Nxc1 20. Rxc1 Bb7 21. a4
a5 22. Na2 Qg5 23. f4 Qe7 24. Nf3 f6 25. Qe2 Rc6 26. Re1 Rfc8 27. Bd3 R8c7 28.
e4 dxe4 29. Bxe4 Qd7 30. Bxc6 Rxc6 31. Nc3 Qc8 32. g4 Nh4 33. d5 Nxf3 34. Qxf3
exd5 35. Kg1 Rd6 36. Ba3 d4 37. Qg3 Re6 38. Rxe6 Qxe6 39. f5 gxf5 40. gxf5 Qxf5
41. Qb8+ Qc8 42. Qxc8+ Bxc8 43. Nd5 Be6 44. Nxb6 Bxb3 45. Kf2 d3 46. Bc1 f5 47.
Nd7 Bxa4 48. Nc5 Bd4+ 49. Be3 Bxc5 50. Bxc5 d2 0-1

[Event "II Festival Costa Viola A"]
[Site "Bagnara Calabra ITA"]
[Date "2009.01.04"]
[Round "4"]
[White "Collutiis, Duilio"]
[Black "Rotunno, Giuseppe"]
[Result "1-0"]
[WhiteElo "2443"]
[BlackElo "1949"]
[PlyCount "75"]
[EventDate "2009.01.02"]

1. e4 d6 2. d4 g6 3. Nc3 Bg7 4. Be3 Nf6 5. Nf3 O-O 6. Qd2 c6 7. Bh6 Qa5 8. Bd3
e5 9. h3 Na6 10. O-O Nc7 11. a3 Ne6 12. b4 Qc7 13. Ne2 Nxd4 14. Nfxd4 exd4 15.
Bxg7 Kxg7 16. Nxd4 Re8 17. Rfe1 a6 18. Qc3 Qd8 19. Rad1 Kg8 20. Nf3 Be6 21. Bf1
Qe7 22. Nd4 Nd7 23. Qg3 d5 24. exd5 cxd5 25. c4 Qf6 26. Qc7 Nf8 27. Qxb7 Reb8
28. Qc7 Rc8 29. Qd6 dxc4 30. Nc6 Kg7 31. Rc1 Qg5 32. Re3 Bd5 33. Re5 Qd2 34.
Rxc4 Bxc4 35. Qxd2 Rxc6 36. Qd4 f6 37. Re7+ Bf7 38. Rxf7+ 1-0

[Event "II Festival Costa Viola A"]
[Site "Bagnara Calabra ITA"]
[Date "2009.01.04"]
[Round "4"]
[White "Marholev, Dimitar"]
[Black "Cordi', Domenico"]
[Result "1-0"]
[WhiteElo "2449"]
[BlackElo "2052"]
[PlyCount "39"]
[EventDate "2009.01.02"]

1. e4 c5 2. Nc3 e6 3. Nge2 d6 4. d4 cxd4 5. Nxd4 a6 6. Be3 Nf6 7. g4 Be7 8. g5
Nfd7 9. Rg1 Qc7 10. f4 Nc6 11. Qd2 Nb6 12. Qf2 Nd7 13. Bh3 Nxd4 14. Bxd4 O-O
15. O-O-O b5 16. Qh4 b4 17. Nd5 exd5 18. Bxg7 Nc5 19. Bf6 Nxe4 20. Qh6 1-0

[Event "II Festival Costa Viola A"]
[Site "Bagnara Calabra ITA"]
[Date "2009.01.04"]
[Round "4"]
[White "Napoli, Nicolo'"]
[Black "Georgiev, Vladimir"]
[Result "0-1"]
[WhiteElo "2313"]
[BlackElo "2523"]
[PlyCount "42"]
[EventDate "2009.01.02"]

1. e4 c5 2. Nf3 Nc6 3. b3 e5 4. Bb2 d6 5. Bb5 Nge7 6. O-O a6 7. Be2 Ng6 8. c3
Nf4 9. d4 Qf6 10. Bc1 Nxe2+ 11. Qxe2 cxd4 12. cxd4 Bg4 13. Bb2 exd4 14. Nbd2 d3
15. Qxd3 Qxb2 16. e5 Bxf3 17. Nc4 Be2 18. Qe3 Bxc4 19. bxc4 dxe5 20. Rab1 Qd4
21. Qf3 Qf4 0-1

[Event "II Festival Costa Viola A"]
[Site "Bagnara Calabra ITA"]
[Date "2009.01.04"]
[Round "4"]
[White "Piccoli, Vincenzo"]
[Black "Marincolo, Piercarlo"]
[Result "1/2-1/2"]
[WhiteElo "2009"]
[BlackElo "1932"]
[PlyCount "89"]
[EventDate "2009.01.02"]

1. e4 c5 2. Nf3 d6 3. d4 cxd4 4. Nxd4 Nf6 5. Nc3 g6 6. Bc4 Bg7 7. h3 Nc6 8. Be3
a6 9. O-O O-O 10. Bb3 Na5 11. Re1 Nxb3 12. axb3 Bd7 13. Qd2 Rc8 14. Bg5 Re8 15.
Re2 e5 16. Bxf6 Bxf6 17. Nf3 Bc6 18. Nd5 Bxd5 19. Qxd5 Qe7 20. Ne1 Rc5 21. Qd3
Qc7 22. c4 Be7 23. Nc2 Rc8 24. Ne3 Bf8 25. Nd5 Qd8 26. Nc3 Qg5 27. Qe3 Qxe3 28.
Rxe3 Bh6 29. Rd3 Bf8 30. Rad1 Kg7 31. Rd5 f5 32. f3 Kf6 33. Rxc5 Rxc5 34. Rd5
Ke6 35. Kf2 Bh6 36. Rd1 b5 37. cxb5 axb5 38. b4 Rc4 39. Nxb5 Rxb4 40. exf5+
Kxf5 41. Nxd6+ Ke6 42. Ne4 Rxb2+ 43. Kf1 Bf4 44. Rd6+ Ke7 45. Rd1 1/2-1/2

[Event "II Festival Costa Viola A"]
[Site "Bagnara Calabra ITA"]
[Date "2009.01.04"]
[Round "4"]
[White "Rametta, Marcello"]
[Black "Blasco, Domenico"]
[Result "1/2-1/2"]
[WhiteElo "1717"]
[BlackElo "2011"]
[PlyCount "114"]
[EventDate "2009.01.02"]

1. e4 g6 2. d4 Bg7 3. c3 d6 4. Nf3 Nf6 5. e5 dxe5 6. Nxe5 O-O 7. Be2 Nbd7 8.
Ng4 Nxg4 9. Bxg4 e5 10. dxe5 Nxe5 11. Qxd8 Rxd8 12. Be2 Bf5 13. O-O Bd3 14.
Bxd3 Nxd3 15. Na3 Nxc1 16. Raxc1 Bf8 17. Nb5 Rd2 18. Rb1 c6 19. Nd4 Rd8 20. Nb3
R2d5 21. g3 Bd6 22. c4 Re5 23. Rfd1 Bc7 24. Kf1 Rde8 25. Rd7 R5e7 26. Rbd1 Kf8
27. Nc5 b6 28. Na6 Be5 29. b3 c5 30. Rd8 g5 31. Rxe8+ Kxe8 32. Rd5 f6 33. b4
cxb4 34. Nxb4 Rc7 35. Nd3 Rxc4 36. Nxe5 fxe5 37. Rxe5+ Kf7 38. Rxg5 Ra4 39. h4
Rxa2 40. Rb5 Rc2 41. Rh5 Kg6 42. Rb5 Rc6 43. g4 h6 44. f4 a6 45. h5+ Kg7 46.
Re5 Rc4 47. Rf5 b5 48. Ke2 b4 49. Kd3 Rc6 50. Rd5 b3 51. Rd7+ Kf6 52. Rb7 Rc2
53. Rxb3 Rg2 54. Rb6+ Kg7 55. Rxa6 Rxg4 56. Ke4 Rh4 57. Ra5 Kf6 1/2-1/2

[Event "II Festival Costa Viola A"]
[Site "Bagnara Calabra ITA"]
[Date "2009.01.04"]
[Round "4"]
[White "Rusev, Krasimir"]
[Black "Naumkin, Igor"]
[Result "1/2-1/2"]
[WhiteElo "2546"]
[BlackElo "2501"]
[PlyCount "20"]
[EventDate "2009.01.02"]

1. c4 e5 2. Nc3 Nf6 3. Nf3 Nc6 4. d3 Bb4 5. Bd2 O-O 6. e3 Re8 7. Be2 Bxc3 8.
Bxc3 d5 9. cxd5 Nxd5 10. Rc1 Qd6 1/2-1/2

[Event "II Festival Costa Viola A"]
[Site "Bagnara Calabra ITA"]
[Date "2009.01.04"]
[Round "4"]
[White "Valotta, Massimiliano"]
[Black "Serratore, Vincenzo"]
[Result "0-1"]
[WhiteElo "1889"]
[BlackElo "1902"]
[PlyCount "132"]
[EventDate "2009.01.02"]

1. Nf3 d5 2. c4 d4 3. d3 g6 4. g3 Bg7 5. Bg2 Nf6 6. b4 O-O 7. a4 Bg4 8. Ne5 Bc8
9. O-O Nbd7 10. Nf3 e5 11. Bg5 c6 12. Nbd2 Qc7 13. Rb1 Rb8 14. Nb3 b6 15. Qd2
Kh8 16. Rfc1 c5 17. a5 Ng8 18. Qe1 Bh6 19. axb6 axb6 20. bxc5 bxc5 21. Qa5 Qd6
22. Bxh6 Nxh6 23. Ng5 f5 24. Qa7 Rb6 25. Qa5 Ra6 26. Qd2 Kg7 27. Na5 Ng8 28.
Nb7 Qe7 29. Rb5 h6 30. Nh3 g5 31. f4 exf4 32. gxf4 g4 33. Nf2 Re8 34. Kf1 Re6
35. Re1 Ngf6 36. Na5 Qd6 37. Nh1 Nh5 38. Ng3 Nxg3+ 39. hxg3 h5 40. Bd5 Re3 41.
Nb7 Bxb7 42. Rxb7 Rxg3 43. e4 dxe3 44. Qc3+ Kg6 45. Ke2 h4 46. Rh1 h3 47. Qe1
Qxf4 48. Rxd7 Rb8 49. Rb7 Rxb7 50. Bxb7 Qb8 51. Qb1 Kg5 52. Rf1 Qe5 53. Qa1 Qe7
54. Qa8 Qf6 55. Qg8+ Kh6 56. d4 f4 57. Be4 f3+ 58. Ke1 Rg2 59. Qh7+ Kg5 60.
Qg8+ Kh4 61. Qh7+ Kg3 62. Qc7+ Qf4 63. Qxf4+ Kxf4 64. dxc5 Kxe4 65. c6 Ra2 66.
Kd1 e2+ 0-1

[Event "II Festival Costa Viola A"]
[Site "Bagnara Calabra ITA"]
[Date "2009.01.05"]
[Round "5"]
[White "Blasco, Domenico"]
[Black "Serratore, Vincenzo"]
[Result "1/2-1/2"]
[WhiteElo "2011"]
[BlackElo "1902"]
[PlyCount "24"]
[EventDate "2009.01.02"]

1. d4 d5 2. c4 c6 3. cxd5 cxd5 4. Nc3 Nf6 5. Nf3 e6 6. e3 Be7 7. Bd3 O-O 8. O-O
Nc6 9. b3 a6 10. Bb2 Re8 11. Rc1 Bf8 12. Qe2 Bd6 1/2-1/2

[Event "II Festival Costa Viola A"]
[Site "Bagnara Calabra ITA"]
[Date "2009.01.05"]
[Round "5"]
[White "Collutiis, Duilio"]
[Black "Napoli, Nicolo'"]
[Result "1-0"]
[WhiteElo "2443"]
[BlackElo "2313"]
[PlyCount "107"]
[EventDate "2009.01.02"]

1. e4 g6 2. d4 Bg7 3. Nf3 c6 4. Nc3 d5 5. h3 Nh6 6. Bd3 O-O 7. O-O f6 8. Ne2
Nf7 9. exd5 cxd5 10. c4 e6 11. Nc3 dxc4 12. Bxc4 Nd6 13. Bb3 b5 14. Re1 Re8 15.
Bf4 a6 16. Bxd6 Qxd6 17. Ne4 Qb6 18. Nc5 Bf8 19. Rc1 Kg7 20. Qe2 Nc6 21. Qe4
Bxc5 22. Rxc5 Bb7 23. Rec1 Rac8 24. Qf4 e5 25. Qg4 h5 26. Qd7+ Re7 27. Qxc8
Bxc8 28. Rxc6 Qa7 29. dxe5 fxe5 30. Rxc8 e4 31. Nh2 a5 32. Nf1 Qd4 33. R8c3 a4
34. Bd1 b4 35. R3c2 Kh6 36. Rd2 Qa7 37. Ne3 Rd7 38. Rxd7 Qxd7 39. Rc4 Qd2 40.
Bxa4 Qxb2 41. Bb3 Qd2 42. g3 Qd7 43. Kg2 Qb7 44. Rd4 h4 45. gxh4 Qe7 46. Bd5
Qxh4 47. Rxe4 Qg5+ 48. Rg4 Qe7 49. Be4 b3 50. axb3 Qf7 51. Rxg6+ Kh5 52. Nf1
Qf4 53. Ng3+ Qxg3+ 54. Rxg3 1-0

[Event "II Festival Costa Viola A"]
[Site "Bagnara Calabra ITA"]
[Date "2009.01.05"]
[Round "5"]
[White "Cordi', Domenico"]
[Black "Piccoli, Vincenzo"]
[Result "0-1"]
[WhiteElo "2052"]
[BlackElo "2009"]
[PlyCount "76"]
[EventDate "2009.01.02"]

1. d4 Nf6 2. c4 e6 3. Nf3 b6 4. a3 Ba6 5. Nbd2 c5 6. dxc5 bxc5 7. g3 Be7 8. Bg2
Bb7 9. O-O O-O 10. b3 d6 11. Qc2 Nbd7 12. Bb2 Qc7 13. Rac1 Rfd8 14. Rfd1 Rac8
15. Qb1 Bf8 16. Bc3 Rb8 17. Qc2 Bc6 18. e4 Qb7 19. Re1 g6 20. h3 Bg7 21. Nh2
Nb6 22. Nhf1 d5 23. cxd5 exd5 24. Bxf6 Bxf6 25. Qxc5 Rbc8 26. Qe3 Re8 27. Qf3
Bb2 28. Rc2 Bxa3 29. e5 Bd6 30. Qf4 Nd7 31. Nf3 Qxb3 32. Qc1 Ba3 33. Qd1 Bc5
34. Qc1 Ba3 35. Qd1 Bb2 36. Qb1 d4 37. Rxb2 Qa3 38. Qa2 Qc3 0-1